| 000 | 00505nam a22001457a 4500 | ||
|---|---|---|---|
| 003 | 0 | ||
| 005 | 20221022085658.0 | ||
| 008 | 221022b xxu||||| |||| 00| 0 eng d | ||
| 050 |
_aTS155 _b.Sa25 2021 |
||
| 245 |
_aAsset management and collection monitoring system for thrift bank in the Philippines _cRey Anthony E. Salazar |
||
| 260 |
_aLas Pinas, Philippines _bSouthville International School and Colleges _cC2021 |
||
| 300 |
_axii,229pp. _c28cm. _fTheses |
||
| 500 | _aMonitoring system. | ||
| 942 |
_2lcc _cTH |
||
| 999 |
_c364866 _d364866 |
||